<?xml version="1.0" encoding="UTF-8"?>
<marc:record xmlns:marc="http://www.loc.gov/MARC21/slim">
   <marc:leader>00000nam a2200000 a 4500</marc:leader>
   <marc:datafield ind1="1" ind2=" " tag="100">
      <marc:subfield code="a">Anderson, Rebecca J.</marc:subfield>
      <marc:subfield code="4">aut</marc:subfield>
      <marc:subfield code="e">Verfasser/-in</marc:subfield>
   </marc:datafield>
   <marc:datafield ind1="0" ind2="0" tag="245">
      <marc:subfield code="a">Timothy</marc:subfield>
   </marc:datafield>
   <marc:datafield ind1="0" ind2="0" tag="245">
      <marc:subfield code="b">Weggefährte der Feen</marc:subfield>
   </marc:datafield>
   <marc:datafield ind1="0" ind2="0" tag="245">
      <marc:subfield code="c">R.J. Anderson. aus dem Engl. von Wolfram Ströle</marc:subfield>
   </marc:datafield>
   <marc:datafield ind1=" " ind2="1" tag="264">
      <marc:subfield code="a">München</marc:subfield>
      <marc:subfield code="b">Hanser</marc:subfield>
      <marc:subfield code="c">2011</marc:subfield>
   </marc:datafield>
   <marc:datafield ind1="1" ind2=" " tag="520">
      <marc:subfield code="a">Angaben aus der Verlagsmeldung

Timothy : Weggefährte der Feen / von R.J. Anderson

Das Feenvolk von Amaryllis ist vom Aussterben bedroht. Selbst Bryonys Freundschaft zu den Menschen konnte daran nichts ändern. Jetzt ist die junge Fee Linde die letzte Hoffnung. Gemeinsam mit dem Menschenjungen Timothy versucht sie, Kontakt aufzunehmen zu anderen Feenvölkern. Doch die zwei geraten in große Gefahr, sie werden von einer bösen Feenkaiserin verfolgt. In höchster Not gelingt es ihnen, nach Wales zu gelangen. Dort leben die Feen der alten Sagen, die Kinder des Rhys. Um sie zu finden müssen Linde und Timothy eine schwere Prüfung bestehen. Ein spannendes Fantasy-Abenteuer.
</marc:subfield>
   </marc:datafield>
   <marc:datafield ind1=" " ind2=" " tag="020">
      <marc:subfield code="a">9783446237803</marc:subfield>
      <marc:subfield code="9">9783446237803</marc:subfield>
   </marc:datafield>
   <marc:datafield ind1=" " ind2=" " tag="020">
      <marc:subfield code="a">3446237801</marc:subfield>
      <marc:subfield code="9">3446237801</marc:subfield>
   </marc:datafield>
   <marc:datafield ind1=" " ind2=" " tag="041">
      <marc:subfield code="a">ger</marc:subfield>
   </marc:datafield>
   <marc:datafield ind1=" " ind2=" " tag="300">
      <marc:subfield code="a">251 S.</marc:subfield>
   </marc:datafield>
</marc:record>
